Liedtext-Dragon Ball GT-Sora e - Statistiken

Allgemein
  • Dieses Quiz wurde 36 mal gespielt
  • Das Durchschnittsergebnis liegt bei 150 aus 166
Antwortstatistiken
Antwort % Korrekt
auf
100%
Auf
100%
Balls
100%
bei
100%
den
100%
der
100%
die
100%
dir
100%
Dragon
100%
e
100%
eeeeee
100%
ehhhhh
100%
finden
100%
Flieg
100%
hhheee
100%
nach
100%
sei
100%
Sei
100%
sein
100%
Sora
100%
Sterne
100%
Suche
100%
suche
100%
wer
100%
werden
100%
wir
100%
wo
100%
Zeit
100%
als
93%
bereit
93%
bezwingen
93%
brauchst
93%
das
93%
deine
93%
deiner
93%
drehen
93%
du
93%
Du
93%
Dunkelheit
93%
einen
93%
ganze
93%
Hand
93%
in
93%
Kind
93%
Kraft
93%
lass
93%
liegt
93%
mit
93%
noch
93%
Schicksal
93%
sie
93%
steht
93%
suchst
93%
und
93%
Weg
93%
weit
93%
Welt
93%
zu
93%
Zukunft
93%
beginnen
86%
Dinge
86%
dorthin
86%
entfernten
86%
Freunde
86%
gehen
86%
geschehen
86%
hast
86%
keine
86%
kommen
86%
musst
86%
Nimm
86%
nimm
86%
nur
86%
unglaubliche
86%
von
86%
vorn
86%
wenn
86%
wieder
86%
wird
86%
zeigen
86%
alles
79%
Auge
79%
dieser
79%
es
79%
Galaxien
79%
Gefahr
79%
geht
79%
ins
79%
Reise
79%
sehen
79%
um
79%
verrinnen
79%
Augenblick
71%
kommt
71%
denn
64%
wirst
64%
daran
57%
Glaub
57%
jetzt
57%
schaffen
57%
stark
57%
spür
50%
gibt
43%
Mut
43%
neuen
36%
Keine übereinstimmenden Quizze gefunden
Verteilung der Resultate
Anzahl Personen mit jedem Resultat
Perzentil nach korrekt beantworteten Fragen
Ihre Resultats-Entwicklung
Sie haben dieses Quiz noch nicht gespielt